| 000 | 01216 a2200217 4500 | ||
|---|---|---|---|
| 003 | NUST | ||
| 005 | 20221229183642.0 | ||
| 010 | _a 95006902 | ||
| 020 | _a0130986178 | ||
| 040 | _cNust | ||
| 082 | 0 | 0 | _a621.38456,FEH |
| 100 | 1 |
_aFeher, Kamilo. _9106449 |
|
| 245 | 1 | 0 |
_aWireless digital communications : _bmodulation and spread spectrum applications / _cKamilo Feher. |
| 260 |
_aUpper Saddle River, N.J. : _bPrentice-Hall PTR, _c2004 |
||
| 300 |
_axx, 524 p. : _bill. ; _c25 cm. + _e1 computer disk (3 1/2 in.). |
||
| 440 | 0 |
_aFeher/Prentice Hall digital and wireless communication series _9105627 |
|
| 505 | _aIntroduction To Wireless, Cellular, Digital, PCS-Mobile Radio (Page-1), Speech Coding For Wireless Systems Applications (Page-29), Radio Propagation And Cellular Engineering Concepts (Page-54), Digital Modulation-Demodulation Techniques (Page-111), Coding (Page-254), Spread-Spectrum Systems (Page-285), Diversity Techniques For Mobile Wireless Radio Systems (Page-333), Personal Mobile Satellite Comm. (Page-353), Cellular And Wireless Systems Engineering (Page-366). | ||
| 650 | 0 |
_aMobile communication systems. _918556 |
|
| 650 | 0 | _aTelecommunication engineering | |
| 942 |
_2ddc _cBK _k621.38456,FEH |
||
| 999 |
_c189420 _d189420 |
||